| 000 | 02549cam a2200313 a 4500 | ||
|---|---|---|---|
| 001 | 15125219 | ||
| 003 | OSt | ||
| 005 | 20230427124019.0 | ||
| 008 | 080102s2008 nyua 000 0 eng | ||
| 010 | _a 2007052293 | ||
| 020 | _a9780195342956 (pbk. : alk. paper) | ||
| 020 | _a019534295X (pbk. : alk. paper) | ||
| 040 |
_aDLC _cLC _dDLC |
||
| 050 | 0 | 0 | _aP94.5.Y72.C43 |
| 082 | 0 | 0 |
_a302.230835 _222 |
| 245 | 0 | 4 |
_aThe changing portrayal of adolescents in the media since 1950. / _c[edited by] Patrick Jamieson, Daniel Romer. |
| 260 |
_aNew York: _bOxford University Press, _c2008. |
||
| 300 |
_axiv, 466 p. : _bill. ; _c23 cm. |
||
| 500 | _aIncludes bibliographical references and index. | ||
| 505 | _aContents: Introduction: mass media and the socialization of adolescents since world war II -- The Emergence and evolution of a youth culture in the media: Understanding the "Jackpot Market": media, marketing and the rise of the American teenager -- "Still talking about my generation!" The representation of youth in popular music -- Music videos: media of the youth, by the youth, for the youth -- Portrayal of adolescents and influential behaviors: It matters what young people watch: health risk behaviors portrayed in top-grossing movies since 1950 -- Adolescent gender role portrayals in the media: 1950 to the present -- Adolescent body image and eating in the media: trends and implications for adolescent health -- African Americans, Latinos, Asians and Native Americans in the media: implications for adolescents -- Adolescents and television violence -- Tobacco portrayals in U.S. advertising and entertainment media -- The changing portrayal of alcohol use in television advertising -- From twin beds to sex at your fingertips: teen sexuality in movies, music, television and the internet, 1950 to 2005 -- Evolving forms of media influence: The Games, they are a-Changin': technological advancements in video games and implications for effects on youth -- Adolescents and the internet -- Policy implications for healthy adolescent development: Policy interventions -- Conclusions -- | ||
| 650 | 0 |
_aYouth in mass media. _91338 |
|
| 650 | 0 |
_aMass media and youth. _91339 |
|
| 700 | 1 |
_aJamieson, Patrick E., _91340 |
|
| 700 | 1 |
_aRomer, Daniel, _91341 |
|
| 856 | 4 | 1 |
_3Table of contents only _uhttp://www.loc.gov/catdir/toc/ecip087/2007052293.html |
| 906 |
_a7 _bcbc _corignew _d1 _eecip _f20 _gy-gencatlg |
||
| 942 |
_2lcc _cBK |
||
| 999 |
_c9557 _d17057 |
||